| 000 -LEADER |
| fixed length control field |
01338cam a2200349 a 4500 |
| 001 - CONTROL NUMBER |
| control field |
14059796 |
| 005 - DATE AND TIME OF LATEST TRANSACTION |
| control field |
20170105102914.0 |
| 008 - FIXED-LENGTH DATA ELEMENTS--GENERAL INFORMATION |
| fixed length control field |
050801s2005 cu ab b 000 0deng |
| 010 ## - LIBRARY OF CONGRESS CONTROL NUMBER |
| LC control number |
2005931646 |
| 020 ## - INTERNATIONAL STANDARD BOOK NUMBER |
| International Standard Book Number |
1920888241 (alk. paper) |
| 020 ## - INTERNATIONAL STANDARD BOOK NUMBER |
| International Standard Book Number |
9780007322466 (alk. paper) |
| 040 ## - CATALOGING SOURCE |
| Original cataloging agency |
DLC |
| Transcribing agency |
DLC |
| Modifying agency |
DLC |
| 041 1# - LANGUAGE CODE |
| Language code of text/sound track or separate title |
eng |
| Language code of original |
spa |
| 043 ## - GEOGRAPHIC AREA CODE |
| Geographic area code |
s-bo--- |
| 050 00 - LIBRARY OF CONGRESS CALL NUMBER |
| Classification number |
F3326 |
| Item number |
.G8313 2005 |
| 082 00 - DEWEY DECIMAL CLASSIFICATION NUMBER |
| Classification number |
984.05 |
| Edition number |
22 |
| 100 1# - MAIN ENTRY--PERSONAL NAME |
| Personal name |
Guevara, Che, |
| Dates associated with a name |
1928-1967. |
| 240 10 - UNIFORM TITLE |
| Uniform title |
Diario del Che en Bolivia. |
| Language of a work |
English |
| 245 14 - TITLE STATEMENT |
| Title |
The Bolivian diary / |
| Statement of responsibility, etc. |
Ernesto Che Guevara ; introduction by Fidel Castro ; preface by Camilo Guevara. |
| 250 ## - EDITION STATEMENT |
| Edition statement |
Authorized ed. |
| 260 ## - PUBLICATION, DISTRIBUTION, ETC. |
| Place of publication, distribution, etc. |
[Havana] : |
| Name of publisher, distributor, etc. |
Centro de Estudios Che Guevara : |
| Place of publication, distribution, etc. |
Melbourne [Australia] : |
| -- |
New York : |
| Name of publisher, distributor, etc. |
Ocean Press, |
| Date of publication, distribution, etc. |
2005. |
| 300 ## - PHYSICAL DESCRIPTION |
| Extent |
xi, 303 p. : |
| Other physical details |
ill., maps ; |
| Dimensions |
22 cm. |
| 504 ## - BIBLIOGRAPHY, ETC. NOTE |
| Bibliography, etc. note |
Includes bibliographical references. |
| 600 10 - SUBJECT ADDED ENTRY--PERSONAL NAME |
| Personal name |
Guevara, Che, |
| Dates associated with a name |
1928-1967 |
| Form subdivision |
Diaries. |
| 650 #0 - SUBJECT ADDED ENTRY--TOPICAL TERM |
| Topical term or geographic name entry element |
Guerrillas |
| Geographic subdivision |
Bolivia |
| General subdivision |
History |
| Chronological subdivision |
20th century. |
| 650 #0 - SUBJECT ADDED ENTRY--TOPICAL TERM |
| Topical term or geographic name entry element |
Subversive activities |
| Geographic subdivision |
Bolivia |
| General subdivision |
History. |
| 650 #0 - SUBJECT ADDED ENTRY--TOPICAL TERM |
| Topical term or geographic name entry element |
Revolutionaries |
| Geographic subdivision |
Bolivia |
| Form subdivision |
Diaries. |
| 651 #0 - SUBJECT ADDED ENTRY--GEOGRAPHIC NAME |
| Geographic name |
Bolivia |
| General subdivision |
History |
| Chronological subdivision |
1938-1982. |
| 906 ## - LOCAL DATA ELEMENT F, LDF (RLIN) |
| a |
7 |
| b |
cbc |
| c |
orignew |
| d |
2 |
| e |
epcn |
| f |
20 |
| g |
y-gencatlg |
| 942 ## - ADDED ENTRY ELEMENTS (KOHA) |
| Source of classification or shelving scheme |
|
| Koha item type |
Book |